The Office Trivia #G - Statistics

General Stats
  • This quiz has been taken 74 times
  • The average score is 10 of 15
Answer Stats
Hint Answer % Correct
Sabre Employee Gabe Lewis
100%
Where Jim proposes to Pam Gas station
90%
He and Erin host a watching party of this show Glee
87%
Michael cooks his food by stepping on a __ __ Grill George Foreman
85%
Jims role in Michaels movie Goldenface
80%
Before her divorce she was called: Jan Levinson-__ Gould
80%
To find out about homosexuals in the office, Dwight asks Jim for a Gaydar
79%
Michaels middle name Gary
74%
Name of Oscars boyfriend Gil
67%
Name of the cat Dwight gifts to Angela Garbage
64%
Name of the song, Michael sings for Toby, when he is leaving for Costa Rica Goodbye Toby
59%
As a prank on Dwight, Jim writes a book about this topic Garden Party
56%
Dwights Team at the Beach Games is called Gryffindor
46%
Michael listens to this song, when hosting a party at the convention, when Jim walks in on him alone Girls gone wild
8%
Was arrested as the Scranton Strangler George Howard Skub
7%
No matching quizzes found
Score Distribution
Percent of People with Each Score
Percentile by Number Answered
Your Score History
You have not taken this quiz